[Event "London"]
[Site "Chess Classic 3"]
[Date "2011.12.12"]
[Round "9"]
[White "Nakamura, Hikaru"]
[Black "Adams, Michael"]
[Result "1-0"]
[WhiteElo "2758"]
[BlackElo "2734"]
[Annotator "JvR"]
[PlyCount "81"]
[EventDate "2011.12.03"]
[SourceDate "1999.07.01"]

1. e4 e5 2. f4 {Nakamura wants to win.} exf4 3. Nf3 d5 4. exd5 Nf6 5. Bc4 Nxd5
6. O-O Be6 7. Bb3 c5 8. Kh1 {Black has a plus.} Nc6 $5 9. d4 c4 10. Ba4 Bd6 11.
b3 c3 12. Qd3 O-O 13. Bxc6 bxc6 14. Nxc3 {White has regained the pawn.} Re8 15.
Nxd5 Bxd5 16. c4 Be4 $1 {Adams keeps an edge.} 17. Qc3 a5 18. a3 f6 19. Bb2 Ra7
20. Rad1 Rae7 21. b4 axb4 22. axb4 Kh8 23. Qb3 Rb7 24. Bc3 Qb8 25. b5 cxb5 26.
c5 $1 b4 $1 27. Bd2 $1 Bf8 28. Rde1 g5 29. Qc4 g4 $5 30. Nh4 $5 f3 $5 (30... b3
$1 {wins quickly.}) 31. d5 $5 fxg2+ 32. Nxg2 Bf3 33. Kg1 Rc8 34. c6 Rb5 35. Nf4
Bc5+ $5 36. Be3 Bxe3+ $2 (36... Qb6 37. Qc1 Bxe3+ 38. Qxe3 Qxe3+ 39. Rxe3 b3 {
wins for Black.}) 37. Rxe3 Qb6 38. Rfe1 b3 $2 ({Correct is} 38... Ra5 39. Kf1
Ra1 $1) 39. Qc3 $1 Rf8 40. Ne6 $1 b2 41. c7 {Nakamura gained the second place.
The final standings became: Kramnik 16/8, Nakamura 15, Carlsen 14, McShane 13,
Anand and Aronian 9, Short 6, Howell 4, Adams 3.} ({The pointe is} 41. c7 b1=Q
42. Qxf6+ $1 Rxf6 43. c8=Q+ {and mate in two (Saunders).}) 1-0

[Event "London"]
[Site "Chess Classic 4"]
[Date "2012.12.01"]
[Round "1"]
[White "Aronian, Levon"]
[Black "Nakamura, Hikaru"]
[Result "0-1"]
[WhiteElo "2815"]
[BlackElo "2760"]
[Annotator "JvR"]
[PlyCount "64"]
[EventDate "2012.12.01"]
[SourceDate "1999.07.01"]

{The fourth London Chess Classic was played from 1 until 10 xii 2012. Three
Englishmen encountered six foreigners.} 1. c4 c5 2. Nf3 Nc6 3. d4 cxd4 4. Nxd4
Nf6 5. g3 e5 6. Nb5 Bb4+ 7. Bd2 a6 8. N5c3 d5 9. cxd5 Nxd5 10. Bg2 Be6 11. O-O
Nb6 12. Be3 $5 ({Known is} 12. Ne4 Be7 13. Be3 {
(Shchekachev - Edouard, Caen 2011).}) 12... Nc4 $1 13. Qc1 $6 ({More active is
} 13. Qa4 Nxe3 14. fxe3 O-O 15. Bxc6 Bxc3 16. Nxc3 bxc6 17. Qxc6 Qd2) 13... O-O
14. Rd1 Qc7 15. a3 Nxe3 16. Qxe3 Ba5 17. Nd2 Bb6 18. Qf3 Rad8 19. Na4 Ba7 20.
Qc3 Rd4 21. Qc2 f5 22. e3 Rdd8 23. b4 e4 24. Nb3 Qf7 25. Nbc5 Bd5 26. Rd2 $2 ({
Correct is} 26. Nc3 Bxc5 27. Rxd5 Rxd5 28. Nxd5 Qxd5 {(Nakamura)} 29. Qxc5 Qxc5
30. bxc5 Ne5 {and Black has a small advantage.}) 26... b6 $1 27. Rxd5 (27. Nxa6
Bb3 28. Qxc6 Rxd2 {costs material.}) 27... Rxd5 28. Nxa6 Ne5 29. Rd1 Rfd8 30.
Rxd5 Qxd5 31. Nb2 Qd2 32. Qc7 Ng4 {Nakamura's aggression scored successfully.}
0-1

[Event "London"]
[Site "Chess Classic 4"]
[Date "2012.12.01"]
[Round "1"]
[White "Jones, Gawain"]
[Black "Adams, Michael"]
[Result "0-1"]
[WhiteElo "2644"]
[BlackElo "2710"]
[Annotator "JvR"]
[PlyCount "182"]
[EventDate "2012.12.01"]
[SourceDate "1999.07.01"]

1. d4 Nf6 2. c4 e6 3. Nc3 Bb4 4. e3 O-O 5. Nge2 d5 6. a3 Bd6 7. c5 Be7 8. b4 b6
9. Nf4 c6 10. Be2 Nbd7 11. Bb2 Qc7 12. O-O bxc5 13. bxc5 e5 14. Nd3 e4 15. Nf4
$5 ({Known is} 15. Nb4) 15... Re8 16. Rb1 Nf8 17. f3 $5 {
White opens the centre.} exf3 18. gxf3 $6 Bd8 19. Bc1 Ng6 20. Nxg6 hxg6 21. Bd3
Bf5 22. Rf2 Qc8 23. Ne2 Bc7 24. Ng3 Bxd3 25. Qxd3 Qh3 26. Qf1 Qh4 27. Qg2 Rab8
28. Rfb2 Rxb2 29. Rxb2 Rb8 30. Rxb8+ Bxb8 {Black has a pleasant game.} 31. Bd2
Bc7 32. Be1 Nh7 33. Kf1 Qf6 34. Qe2 Ng5 35. f4 $5 {
Square e4 becomes a weak point.} Ne6 36. Kg1 Qe7 37. Kf1 Bd8 38. Qa6 Qd7 39.
Ke2 Bh4 40. Kd2 Nf8 41. Ne2 Bxe1+ 42. Kxe1 Nh7 43. Kd2 $5 g5 $1 44. Ng3 gxf4
45. exf4 Nf6 $1 46. f5 Qc7 47. Kc2 Kh7 48. Kb1 Ng4 49. Qf1 Kg8 $5 {
Long manoeuvring starts.} (49... Qb8+ $1 50. Ka2 Kg8 $1 {wins for Black.}) 50.
Qe2 $5 Nf6 $5 51. Qa6 Ng4 52. Qe2 Nf6 53. Qa6 Kf8 54. Qd3 Qa5 $5 55. Qe3 Kg8
56. Kb2 Kh7 57. Kc2 Qa6 58. h3 Qb7 59. Qe2 Qd7 60. Kd1 Kg8 61. Qe3 a5 62. Qf3
Qb7 63. Kc2 a4 64. Qe3 Qb8 65. Qf3 Kf8 66. Qe3 Ne8 67. Kc1 Qd8 68. Ne2 Qb8 69.
Ng3 Nf6 70. Kc2 Qb5 71. Kc1 $2 ({Better is} 71. Qd3 $1 {(M.Notkin).}) 71...
Qc4+ 72. Kb2 Qb5+ 73. Kc1 Qc4+ 74. Kb2 Ne4 75. f6 $5 (75. Nxe4 dxe4 76. Qxe4
Qb3+ 77. Kc1 Qxa3+ 78. Kc2 Qb3+ 79. Kd2 Qxh3 80. Qxc6 Qh6+ {
wins for Black (Krasenkow).}) 75... Nxf6 76. Nf5 Qb5+ 77. Kc2 Ne4 78. h4 Qc4+
79. Kb2 Qb5+ 80. Kc2 Qc4+ 81. Kb2 Qf1 82. Nd6 Qg2+ 83. Kc1 Qh1+ 84. Kb2 Qh2+
85. Kc1 Qh1+ 86. Kb2 Qh2+ 87. Kc1 Nxd6 88. cxd6 Qxd6 89. Qh3 g6 90. Qf3 Kg7 91.
Qe3 Qf6 {Black has gained two pawns.} 0-1

[Event "London"]
[Site "Chess Classic 4"]
[Date "2012.12.01"]
[Round "1"]
[White "Kramnik, Vladimir"]
[Black "Polgar, Judit"]
[Result "1-0"]
[WhiteElo "2795"]
[BlackElo "2705"]
[Annotator "JvR"]
[PlyCount "79"]
[EventDate "2012.12.01"]
[SourceDate "1999.07.01"]

1. c4 Nf6 2. Nc3 c5 3. g3 Nc6 4. Bg2 d6 5. e3 e5 6. Nge2 Be6 7. Nd5 Be7 8. O-O
O-O 9. Nec3 $5 Nb4 10. Nxe7+ Qxe7 11. d3 d5 $2 ({Correct is} 11... Qd7 $1 12.
a3 Nc6) 12. a3 $1 dxc4 13. axb4 cxb4 14. Ne4 Nxe4 15. Bxe4 f5 16. Bg2 Rfd8 17.
d4 $1 {White has gained a piece for two pawns.} a5 18. Qe2 e4 19. f3 $1 Bd5 20.
fxe4 fxe4 21. Rf5 Qd7 22. Re5 Re8 23. Bh3 Qc6 24. Rxe8+ Qxe8 25. Bd2 Qe7 26.
Qh5 Qd8 27. Rf1 g6 28. Qe5 Ra6 29. Bd7 Bf7 30. Rxf7 $5 Kxf7 31. Bb5 Rf6 32.
Bxc4+ Kg7 33. Qxe4 Qc7 34. Qd5 Rf8 35. e4 b5 36. Qxb5 Qd6 37. Qb7+ Kh8 38. Qa7
g5 39. Bxg5 Qc6 40. Qe7 {Vladimir defeated Judit again.} 1-0

[Event "London"]
[Site "Chess Classic 4"]
[Date "2012.12.01"]
[Round "1"]
[White "McShane, Luke"]
[Black "Carlsen, Magnus"]
[Result "0-1"]
[WhiteElo "2713"]
[BlackElo "2848"]
[Annotator "JvR"]
[PlyCount "124"]
[EventDate "2012.12.01"]
[SourceDate "1999.07.01"]

1. e4 e5 2. Nf3 Nc6 3. Bb5 Nf6 4. O-O Nxe4 5. Re1 Nd6 6. Nxe5 Be7 7. Bf1 Nf5 8.
Nf3 O-O 9. d4 d5 10. g3 Bf6 11. c3 Re8 12. Rxe8+ Qxe8 13. Bf4 Qd8 14. Bd3 $5 (
14. Na3 {was played in Felgaer - Kurnosov, Moscow 2011.}) 14... Nfe7 15. Na3 a6
16. Nc2 Bf5 17. Bxf5 Nxf5 18. g4 $1 Nfe7 19. Ne3 g6 20. Qf1 $1 Qd7 21. Qh3 Bg7
22. Qg3 Rc8 23. g5 Nd8 24. Be5 {White has the initiative.} Ne6 25. Bf6 Re8 26.
Ne5 Qd6 27. Kh1 $6 (27. h4 $1 {continues the pressure.}) 27... Nxg5 $1 28. Bxg5
f6 29. Bxf6 Qxf6 30. Re1 c6 {The chances are equal.} 31. Kg2 Nc8 32. N3g4 Qd8
33. Nd3 Rxe1 34. Nxe1 Nd6 35. Nd3 Nf5 36. Qh3 $5 Bf8 $5 37. Ne3 Qg5+ 38. Kf1
Nxe3+ 39. fxe3 Kg7 40. Nf4 Qf6 41. Ke2 Bd6 42. Qg4 Kf7 43. h3 h5 44. Qc8 Qe7
45. Nd3 Kf6 $1 {Black wants to attack.} 46. b3 Kg5 47. c4 $2 (47. Qg8 $1 Qf6 $5
48. c4 $1 dxc4 49. Nf2 Qe7 50. Qxc4 {stops the black plan.}) 47... Kh4 $1 {
The advance proceeds.} 48. c5 $5 Bg3 49. b4 Qf7 50. a4 g5 51. Kd2 Bh2 $1 52.
Ne1 Kg3 53. Nc2 Bg1 54. Qd8 Kh4 55. Qc8 Bf2 56. Ke2 Kg3 57. Qd8 $6 ({Better is
} 57. Kd2 Kg2 $1 58. Qd8 Bh4 59. Qc8 Kf1 $1 60. Qh8 Be1+ $1 61. Nxe1 Qf2+ {
but Black wins anyway.}) 57... Qf5 $1 58. Kd2 Kxh3 59. b5 g4 60. bxc6 bxc6 61.
Nb4 g3 62. Nd3 g2 {Carlsen played a fine endgame.} 0-1

[Event "London"]
[Site "Chess Classic 4"]
[Date "2012.12.02"]
[Round "2"]
[White "Carlsen, Magnus"]
[Black "Aronian, Levon"]
[Result "1-0"]
[WhiteElo "2848"]
[BlackElo "2815"]
[Annotator "JvR"]
[PlyCount "117"]
[EventDate "2012.12.01"]
[SourceDate "1999.07.01"]

1. e4 e5 2. Nf3 Nc6 3. Bb5 a6 4. Ba4 Nf6 5. d3 b5 6. Bb3 Bc5 7. Nc3 O-O 8. Nd5
Nxd5 9. Bxd5 Rb8 $5 10. O-O Ne7 $5 {Black delivers a pawn sacrifice.} 11. Nxe5
{White accepts the challenge.} Nxd5 12. exd5 Re8 $5 ({Carlsen prefers} 12...
Bb7 $1 13. c4 Re8) 13. d4 Bf8 14. b3 Bb7 15. c4 d6 16. Nf3 Qf6 17. Be3 Bc8 18.
Qd2 Qg6 19. Kh1 h6 20. Rac1 Be7 21. Ng1 $5 Bg5 $5 22. Bxg5 Qxg5 23. Rfd1 bxc4
24. bxc4 $6 ({Preferable is} 24. Qxg5 hxg5 25. Rxc4 $1) 24... Qxd2 25. Rxd2 a5
{The endgame is almost equal, despite white's extra pawn.} 26. h3 Rb4 27. Nf3
Bf5 28. c5 Kf8 29. Nh2 Reb8 30. Ng4 Rb1 31. Rxb1 Rxb1+ 32. Kh2 a4 $6 {
Aronian does not exchange the knight, because he imagines to have a plus.} 33.
Ne3 $1 Bg6 34. Kg3 Rb4 35. Kf3 Ke7 36. Ke2 Kd7 37. f3 Rb5 38. Nd1 Rb4 $5 39.
c6+ Kc8 40. Nc3 f6 41. Ke3 Rc4 42. Ne2 a3 43. h4 Rb4 $5 44. g4 {
White improves his position slowly.} Rb1 $2 (44... Rb2 $1 45. h5 Bc2 $1 46. Nc3
Kd8 {almost levels the game (Carlsen).}) 45. h5 $1 Bh7 46. f4 $1 f5 $1 {
He prevents the imprisonment of the bishop.} 47. g5 $1 Rh1 48. Ng3 Rh3 49. Kf3
hxg5 50. fxg5 g6 ({More resistance is offered by} 50... Kd8 $1 51. g6 Bg8 52.
Kf4 Bxd5 53. Nxf5 Rxh5 54. Nxg7 Rh1 55. Nf5 Rf1+ 56. Kg5 Bxc6 57. d5 Rg1+ 58.
Kf6 Be8 $1 59. Nh4 $1 Rf1+ 60. Kg5 Rh1 61. Rg2 $1 Rh3 {(Speelman), but} 62. Re2
$1 {wins for White.}) 51. Re2 Kd8 52. hxg6 Bxg6 53. Re6 Bf7 54. g6 $1 Bg8 ({Or
} 54... Bxe6 55. dxe6 Rh6 56. g7 Rg6 57. Nxf5) 55. g7 f4 $5 56. Kxf4 Rh2 57.
Nf5 Rxa2 58. Rf6 Re2 59. Rf8+ {Aronian lost again.} ({The pointe is} 59. Rf8+
Re8 60. Nxd6 $1 cxd6 61. c7+ Kxc7 62. Rxe8 a2 63. Re1 Bxd5 64. Ke3 {
and white's king moves to b2. Thereafter the rook decides the game.}) 1-0

[Event "London"]
[Site "Chess Classic 4"]
[Date "2012.12.02"]
[Round "2"]
[White "Nakamura, Hikaru"]
[Black "Kramnik, Vladimir"]
[Result "0-1"]
[WhiteElo "2760"]
[BlackElo "2795"]
[Annotator "JvR"]
[PlyCount "174"]
[EventDate "2012.12.01"]
[SourceDate "1999.07.01"]

1. e4 e5 2. Nf3 Nc6 3. d4 exd4 4. Nxd4 Nf6 5. Nxc6 bxc6 6. Qe2 d6 7. g3 Be7 8.
Bg2 O-O 9. O-O Re8 $5 10. c4 Nd7 11. Be3 Bf6 12. Qc2 $6 ({Preferable is} 12.
Na3 $1 Rb8 13. Rab1) 12... Ne5 $1 13. Nd2 Ng4 14. Rae1 Rb8 15. b3 Nxe3 16. Rxe3
c5 $5 17. h3 a5 18. Kh2 a4 19. f4 Bd4 20. Re2 g6 21. Nf3 axb3 22. axb3 Bg7 23.
Rd1 Rb6 24. e5 Bb7 25. Rdd2 Qa8 26. exd6 Rxe2 27. Rxe2 Rxd6 28. Ne5 Bxg2 29.
Rxg2 Bxe5 30. fxe5 Re6 {Black has a plus in the endgame.} 31. Re2 Qf3 $1 32.
Qd2 $5 Qxb3 33. Qd8+ Kg7 34. Qxc7 Qf3 $1 (34... Qxc4 35. Rf2 Ra6 36. e6 Qxe6
37. Qxc5 {brings less advantage for Black.}) 35. Rg2 Qe3 36. Qa7 h5 37. h4 Rxe5
{Black has gained a pawn.} 38. Qa1 Kh7 39. Qb2 Rf5 40. Re2 Qf3 41. Qc2 Qf1 42.
Qd2 Rf6 43. Qc2 Rf3 44. Qb2 Rf5 45. Qc2 Rf6 46. Rd2 Kg7 47. Qc3 Kh7 48. Qc2 Qa1
49. Rf2 Kg7 $5 50. Rxf6 Qxf6 51. Qe2 Qd4 52. Kg2 Kf8 53. Kh2 Qg4 54. Qd3 Ke7
55. Qe3+ Kd6 56. Qd3+ Qd4 57. Qe2 Qe5 58. Qd3+ Ke6 59. Kg2 g5 $5 60. hxg5 Qxg5
61. Qe4+ Qe5 62. Qc6+ Ke7 63. Qb7+ Kf8 64. Qa8+ Kg7 65. Qf3 Kg6 66. Qd3+ Qf5
67. Qd6+ f6 $1 68. Qe7 $2 {A blunder costs more material.} ({Right is} 68. Qa6
Qe4+ 69. Kf2) 68... Qc2+ 69. Kh3 Qxc4 {Kramnik has captured another pawn.} 70.
Qe8+ Qf7 71. Qe4+ Kg7 72. Qf5 c4 73. Kg2 Qb7+ 74. Kh2 Qb2+ 75. Kh3 Qe5 76. Qc8
c3 77. Qc4 Qe1 78. Qc7+ Kg6 79. Qc6 Qf1+ 80. Kh4 Qe2 $1 81. Kh3 c2 82. g4 Qe3+
83. Kh4 Qg5+ 84. Kg3 Qxg4+ 85. Kf2 Qf4+ 86. Kg2 c1=Q 87. Qe8+ Kg5 {
Carlsen and Kramnik shared the lead after two wins.} 0-1

[Event "London"]
[Site "Chess Classic 4"]
[Date "2012.12.03"]
[Round "3"]
[White "Adams, Michael"]
[Black "Polgar, Judit"]
[Result "1-0"]
[WhiteElo "2710"]
[BlackElo "2705"]
[Annotator "JvR"]
[PlyCount "71"]
[EventDate "2012.12.01"]
[SourceDate "1999.07.01"]

1. e4 c5 2. Nf3 e6 3. g3 Nc6 4. Bg2 Nf6 5. Qe2 d5 6. exd5 Nxd5 7. O-O Be7 8.
Rd1 O-O 9. d4 cxd4 10. Nxd4 Nxd4 11. Rxd4 Bf6 12. Rd1 Qc7 $5 ({Known is} 12...
Qb6) 13. c4 $1 Nb4 $2 ({Preferable is} 13... Nb6 $1 14. Nd2 $5 {(Adams)} Bd7)
14. Nc3 a6 15. Bf4 e5 16. Be3 Be6 17. Nd5 Nxd5 18. cxd5 Bf5 19. d6 Qd7 20. Bb6
$1 {The restriction increases.} Rac8 21. Bc7 Bg4 22. Bf3 h5 23. Rac1 Rfe8 $6 (
23... b5 24. Qe4 Bd8 {saves a tempo.}) 24. Bxg4 hxg4 25. Qe4 $1 Bg5 26. Rc5 $1
Bd8 ({Or} 26... b5 27. Qc6) 27. Qxb7 Re6 28. Rdd5 Rf6 29. Qxa6 $1 {
Mickey has gained two pawns.} Qf5 30. Qe2 Qb1+ 31. Rd1 Qxa2 32. Rxe5 Bxc7 33.
Re8+ Rxe8 34. Qxe8+ Kh7 35. dxc7 Qa7 36. Qe4+ {Adams won again.} 1-0

[Event "London"]
[Site "Chess Classic 4"]
[Date "2012.12.03"]
[Round "3"]
[White "Kramnik, Vladimir"]
[Black "Carlsen, Magnus"]
[Result "1/2-1/2"]
[WhiteElo "2795"]
[BlackElo "2848"]
[Annotator "JvR"]
[PlyCount "124"]
[EventDate "2012.12.01"]
[SourceDate "1999.07.01"]

1. Nf3 c5 2. c4 Nc6 3. Nc3 e5 4. g3 g6 5. Bg2 Bg7 6. O-O Nge7 7. a3 a5 8. Ne1
d6 9. Nc2 O-O 10. d3 Rb8 11. Rb1 Be6 12. b4 axb4 13. axb4 cxb4 14. Nxb4 Nxb4
15. Rxb4 d5 16. cxd5 Nxd5 17. Nxd5 Bxd5 18. Rb5 Bxg2 $6 ({Preferable is} 18...
Bc6 19. Bxc6 bxc6 20. Rc5 Qd7 {and White has little advantage (Kramnik).}) 19.
Kxg2 Qd7 20. Qb3 Rfc8 $5 (20... Qc6+ 21. Kg1 Rfc8 {
ended as a draw in Radovanovic - Szabo, Valjevo 2010.}) 21. Bb2 Qd6 22. Rb1 Rc5
$1 23. Rb6 Rc6 $5 (23... Qd5+ 24. Qxd5 Rxd5 25. Ba3 Rd7 {defends stubbornly.})
24. Rxb7 Rxb7 25. Qxb7 {White gained a pawn and has minor winning chances.} Rb6
26. Qc8+ Qf8 27. Qd7 $1 h5 28. e4 $1 (28. Rc1 Rxb2 29. Rc8 Rxe2 30. Rxf8+ Bxf8
31. Qd5 Bg7 {draws.}) 28... Qd6 29. Qe8+ Qf8 30. Qd7 Qd6 31. Qxd6 Rxd6 32. Rd1
f5 33. f3 fxe4 34. fxe4 Rb6 $1 {He activates the rook timely.} 35. Bc3 Rb3 36.
Ba1 Kf7 37. Kf3 Ke6 38. h3 Bh6 39. Ke2 Bg5 40. Rg1 Bh6 41. h4 Kd6 42. Rd1 Ke6
43. Rf1 Rb4 $1 44. Rd1 Rb3 45. Rg1 Kf6 46. Rh1 Ke6 47. Rd1 Kf6 48. d4 {
Kramnik makes the last effort to win.} Re3+ 49. Kf2 Rxe4 50. dxe5+ Kf5 51. Rd7
Kg4 $1 52. Rd6 Be3+ $1 53. Ke2 Bf4+ $1 54. Kd3 Re3+ 55. Kc4 Bxe5 56. Rxg6+ Kf3
57. Bxe5 Rxe5 58. Rg5 Re4+ 59. Kd5 Rg4 $1 60. Ke5 Kxg3 61. Rxh5 Rxh4 62. Rxh4
Kxh4 {Bare kings remain on the board. Carlsen survived the pressure by Kramnik.
} 1/2-1/2

[Event "London"]
[Site "Chess Classic 4"]
[Date "2012.12.04"]
[Round "4"]
[White "Carlsen, Magnus"]
[Black "Jones, Gawain"]
[Result "1-0"]
[WhiteElo "2848"]
[BlackElo "2644"]
[Annotator "JvR"]
[PlyCount "75"]
[EventDate "2012.12.01"]
[SourceDate "1999.07.01"]

1. e4 c5 2. Nf3 d6 3. d4 cxd4 4. Qxd4 a6 5. h3 Nc6 6. Qe3 g6 7. c4 Bg7 8. Be2
Nf6 9. Nc3 O-O 10. O-O Nd7 11. Rb1 a5 12. b3 Nc5 13. Bb2 f5 14. exf5 Bxf5 15.
Rbd1 a4 16. Ba3 Qa5 17. Nb5 axb3 18. axb3 Qxa3 {
Black delivers a risky sacrifice.} ({Wiser is} 18... Rf6 19. Bxc5 Re6 20. Qd2
dxc5) 19. Nxa3 Rxa3 20. Nd2 Bd4 21. Qg3 Be5 22. f4 {
All moves have been played before.} Bf6 $5 (22... Nd4 23. Bf3 Bf6 {
occurred in the little known Rombakloni - Sorcinelli, Bergamo 2009.}) 23. Bg4
Nd4 24. Kh1 Bc2 25. Rde1 Kh8 26. Re3 h5 27. b4 h4 $6 (27... Nd3 $5 28. Bd1 $1
h4 29. Qxg6 Nf2+ 30. Rxf2 Bxg6 31. Rxa3 {also wins for White (Mekhitarian).})
28. Qf2 Nd3 29. Qg1 {White wins easily.} Nf5 30. Bxf5 gxf5 31. Nf3 Rc3 32. c5
Bb3 33. Ne1 Bd4 34. Nxd3 dxc5 $5 35. Qf2 Rf7 36. Rc1 cxb4 37. Rxc3 bxc3 38. Qe1
{Carlsen took the sole lead.} 1-0

[Event "London"]
[Site "Chess Classic 4"]
[Date "2012.12.04"]
[Round "4"]
[White "McShane, Luke"]
[Black "Aronian, Levon"]
[Result "0-1"]
[WhiteElo "2713"]
[BlackElo "2815"]
[Annotator "JvR"]
[PlyCount "152"]
[EventDate "2012.12.01"]
[SourceDate "1999.07.01"]

1. e4 e5 2. Nf3 Nc6 3. Bb5 a6 4. Ba4 Nf6 5. O-O Be7 6. d3 b5 7. Bb3 d6 8. a4
Bd7 9. c3 O-O 10. Nbd2 Na5 11. Bc2 c5 12. Re1 Re8 13. Nf1 Nc6 14. Ne3 b4 15. h3
$5 (15. Bb3 {drew in Kamsky - Leko, Dresden 2008.}) 15... Rb8 16. Nc4 Be6 17.
Bb3 h6 18. Be3 bxc3 19. bxc3 d5 $1 20. exd5 Nxd5 21. Qc2 $2 ({Correct is} 21.
Bd2 Bf6 22. Rb1) 21... e4 $1 22. dxe4 Nxe3 23. Rxe3 Rxb3 $1 24. Qxb3 Na5 25.
Nxa5 Bxb3 26. Nxb3 Qb6 {Black has a material advantage.} 27. Nbd2 Qb2 $1 28.
Rae1 Rd8 29. Nf1 c4 30. Ne5 Bc5 31. Rf3 Qb3 32. a5 Rd6 $2 (32... f6 {
wins easily.}) 33. Nxf7 Rf6 34. Rxf6 gxf6 35. Nxh6+ Kf8 36. Ng4 Qxc3 37. Rd1
Qb4 38. Nxf6 Kf7 39. Nd5 Qb2 40. Nde3 c3 41. Rd5 Be7 42. Rf5+ Ke8 43. g4 c2 $1
44. Nxc2 Qxc2 45. Ng3 Qc7 46. Nh5 Bd8 47. Kg2 Qc6 48. Re5+ Kf7 49. g5 Qa4 50.
h4 Bxa5 51. Rf5+ Ke6 52. Nf4+ Kd7 53. f3 Qc2+ 54. Kh3 Qf2 55. Kg4 Be1 56. Ng6
a5 57. Rf7+ Kd8 58. e5 a4 59. e6 $6 (59. Rf8+ Kd7 60. Rf7+ Kc6 61. Rf6+ Kb5 62.
e6 Bb4 63. e7 Bxe7 64. Nxe7 a3 {seems to win for Black.}) 59... Bb4 $1 60. e7+
Bxe7 61. Nxe7 Qc5 62. Kh5 a3 63. Kh6 a2 64. g6 Qc4 65. Nf5 a1=Q 66. Rf8+ Kc7
67. g7 Qc6+ 68. Kh7 Qxf3 69. g8=N Qh5+ 70. Ngh6 Qe5 71. Ng7 Qxh4 72. Rf7+ Kb6
73. Ngf5 Qee4 74. Kg6 Qe6+ 75. Kg7 Qg5+ 76. Kf8 Qc8# {Aronian had to work hard.
} 0-1

[Event "London"]
[Site "Chess Classic 4"]
[Date "2012.12.06"]
[Round "5"]
[White "Adams, Michael"]
[Black "Carlsen, Magnus"]
[Result "0-1"]
[WhiteElo "2710"]
[BlackElo "2848"]
[Annotator "JvR"]
[PlyCount "126"]
[EventDate "2012.12.01"]
[SourceDate "1999.07.01"]

1. e4 e5 2. Nf3 Nc6 3. Bb5 a6 4. Ba4 Nf6 5. O-O Be7 6. d3 b5 7. Bb3 d6 8. a4
Bd7 9. h3 O-O 10. Be3 Be6 $5 11. Bxe6 fxe6 12. Nbd2 b4 13. c3 d5 $5 14. cxb4
Bd6 15. b5 axb5 16. axb5 Rxa1 17. Qxa1 Nb4 18. d4 exd4 19. Nxd4 Qe8 20. Qa4
Nxe4 21. Nxe4 dxe4 22. Nc6 Nd5 $6 ({Preferable is} 22... Nxc6 23. bxc6 Qg6) 23.
Qxe4 Nxe3 24. Qxe3 {
Adams has small advantages.  Carlsen is going to turn the tables.} Rf5 25. Nd4
Re5 26. Qb3 Rd5 27. Qc4 Qf7 28. b3 Qd7 29. Nf3 $6 {
The knight should return to c6.} Rxb5 $1 30. Ra1 Rd5 31. g3 h6 32. Qe4 Qe8 33.
Kg2 Kf7 34. Ra2 Qd8 35. Re2 Qf6 $1 36. h4 Qf5 {The chances are equal.} 37. Qc4
$5 Rd3 $1 38. Re3 $5 Rxe3 39. fxe3 Qb1 40. e4 $2 (40. Nd2 Qe1 41. Qf1+ Qxf1+
42. Nxf1 Bb4 {leads to a plus for Black (Speelman).}) 40... Qb2+ 41. Kh3 Qf2 $1
42. e5 $1 Qxf3 43. exd6 Qh1+ $1 44. Kg4 Qd1+ 45. Kh3 Qxd6 {
Black has an extra pawn in the queen ending.} 46. h5 $5 c5 $1 47. g4 Qd4 48.
Qf1+ Ke7 49. Qf3 $5 Qd5 $1 50. Qc3 e5 51. Kg3 Kd6 52. Qc4 $5 Qxc4 53. bxc4 e4
$1 {Magnus wins the pawn ending in a subtle way.} 54. Kf4 e3 $1 55. Kf3 Ke6 $1
56. Ke2 (56. Kxe3 Ke5 {brings the opposition.}) 56... Kf6 $1 57. Kf3 Kg5 $1 58.
Kxe3 Kxg4 59. Ke4 Kxh5 60. Kd5 g5 $1 61. Kxc5 g4 62. Kd4 g3 63. Ke3 Kg4 {
Carlsen kept the lead.} ({The pointe is} 63... Kg4 64. c5 Kh3 $1 65. c6 g2 66.
Kf2 Kh2) 0-1

[Event "London"]
[Site "Chess Classic 4"]
[Date "2012.12.06"]
[Round "5"]
[White "Jones, Gawain"]
[Black "Anand, Viswanathan"]
[Result "0-1"]
[WhiteElo "2644"]
[BlackElo "2775"]
[Annotator "JvR"]
[PlyCount "58"]
[EventDate "2012.12.01"]
[SourceDate "1999.07.01"]

1. d4 Nf6 2. c4 g6 3. f3 d5 4. cxd5 Nxd5 5. e4 Nb6 6. Nc3 Bg7 7. Be3 O-O 8. Qd2
e5 9. d5 c6 10. h4 cxd5 11. exd5 N8d7 12. h5 Nf6 13. hxg6 fxg6 14. Nh3 $5 ({
Theory is} 14. O-O-O Bd7 15. Kb1) 14... e4 $5 (14... Nfxd5 15. Nxd5 Qxd5 16.
Qxd5+ Nxd5 {exchanges a lot.}) 15. fxe4 Ng4 16. Bf4 $6 ({Preferable is} 16. Bc5
$1 Bh6 17. Qd3 Rf7 18. Bd4) 16... Ne5 17. Bg5 $6 (17. O-O-O Bg4 18. d6 Bxd1 19.
Qxd1 {sacrifices for the initiative.}) 17... Qd6 18. Nb5 $2 (18. Rb1 {
avoids a disaster.}) 18... Qc5 $1 {He threatens ..Rxf1+.} 19. Na3 Bxh3 $1 20.
Be3 ({The pointe is} 20. Rxh3 Nbc4 21. Nxc4 Nxc4 22. Qc2 Rxf1+ 23. Kxf1 Rf8+
24. Rf3 Ne3+) 20... Qc8 $1 21. Rc1 Qg4 $1 22. Rxh3 Qxh3 $1 23. gxh3 Nf3+ 24.
Ke2 Nxd2 25. Bxd2 Bxb2 26. Nb5 Bxc1 27. Bxc1 Nxd5 $1 28. exd5 Rae8+ 29. Be3
Rxf1 $1 {The world champion showed great tactics.} 0-1

[Event "London"]
[Site "Chess Classic 4"]
[Date "2012.12.06"]
[Round "5"]
[White "Kramnik, Vladimir"]
[Black "McShane, Luke"]
[Result "1-0"]
[WhiteElo "2795"]
[BlackElo "2713"]
[Annotator "JvR"]
[PlyCount "97"]
[EventDate "2012.12.01"]
[SourceDate "1999.07.01"]

1. d4 d5 2. c4 c6 3. Nf3 Nf6 4. Nc3 a6 5. g3 dxc4 6. a4 e6 7. Bg2 c5 8. O-O
cxd4 9. Nxd4 Nbd7 10. Nc2 Qc7 11. Bf4 $5 (11. Qd4 Bc5 12. Qh4 {
happened in Kramnik - Gelfand, Linares 1997.}) 11... e5 $1 12. Bd2 Nc5 13. Bg5
Be6 14. Bxf6 gxf6 15. Nd5 Qd8 16. Nce3 Nb3 17. a5 $1 Rc8 ({The alternative is} 
17... Nxa1 $5 18. Qa4+ $1 Bd7 19. Qxa1 $5 Bc5 20. Nxc4 {
and White has the initiative (Kramnik).}) 18. Ra4 Nd4 $6 ({Preferable is} 18...
Bc5 19. Nxc4 Nd4) 19. Nb6 Rc7 20. Rxc4 $1 Bxc4 21. Nexc4 Nb5 $2 ({Correct is} 
21... Be7 $1 22. e3 Ne6 23. Qa4+ Kf8 24. Nd5 Qd7 25. Qc2 Rc5 26. b4 Rxd5 27.
Nb6 Qc7 28. Qxc7 Nxc7 29. Nxd5 Nxd5 30. Bxd5 Kg7) 22. Qb1 $5 Qd4 23. Rd1 Qc5
24. e3 $5 Be7 25. Qf5 Kf8 26. Bd5 Kg7 27. Qg4+ Kh6 28. e4 $1 {
He plays for mate brilliantly.} Nd4 29. Ne3 f5 30. Qh3+ Kg7 31. Rxd4 $1 exd4
32. Nxf5+ Kf8 33. Qh6+ Ke8 34. Bxf7+ $1 Kd8 ({Or} 34... Kxf7 35. Qg7+ Ke6 36.
Nxd4+ Kd6 37. Qh6+ Ke5 38. Nb3 {and White has a decisive attack.}) 35. Qg7 Rf8
36. Nxd4 Rc6 37. Nxc6+ bxc6 38. Qg4 $1 Kc7 39. Qd7+ Kb8 40. Qd2 $5 Kc7 41. Qd7+
Kb8 42. Kg2 Bd6 43. b4 $1 Qd4 44. Qxc6 Ka7 45. Kh3 Qd1 46. Nc8+ Rxc8 47. Qxc8
Qf1+ 48. Kg4 h5+ $5 49. Kxh5 {Kramnik remained at the second place.} 1-0